ARRUPE JESUIT UNIVERSITY

CORONAVIRUS -STOP THE SPREAD - CLEAN,DISINFECT,COVER

The Planning of change / (Record no. 128860)

MARC details
000 -LEADER
fixed length control field 00907cam a2200265 i 4500
001 - CONTROL NUMBER
control field 1745673
003 - CONTROL NUMBER IDENTIFIER
control field ARRUPE
005 - DATE AND TIME OF LATEST TRANSACTION
control field 20190130103603.0
008 - FIXED-LENGTH DATA ELEMENTS--GENERAL INFORMATION
fixed length control field 751120s1976 nyua b 001 0 eng
010 ## - LIBRARY OF CONGRESS CONTROL NUMBER
LC control number 75041359
020 ## - INTERNATIONAL STANDARD BOOK NUMBER
International Standard Book Number 0030895189
040 ## - CATALOGING SOURCE
Original cataloging agency DLC
Transcribing agency DLC
Modifying agency DLC
050 00 - LIBRARY OF CONGRESS CALL NUMBER
Classification number HM101
Item number .P558 1976
082 00 - DEWEY DECIMAL CLASSIFICATION NUMBER
Classification number 301.24/08
300 ## - PHYSICAL DESCRIPTION
Other physical details ill. ;
Dimensions 24 cm.
245 04 - TITLE STATEMENT
Title The Planning of change /
Statement of responsibility, etc edited by Warren G. Bennis ... [et al.].
250 ## - EDITION STATEMENT
Edition statement 3d ed.
260 ## - PUBLICATION, DISTRIBUTION, ETC. (IMPRINT)
Place of publication, distribution, etc New York :
Name of publisher, distributor, etc Holt, Rinehart and Winston,
Date of publication, distribution, etc c1976.
300 ## - PHYSICAL DESCRIPTION
Extent ix, 517 p. :
500 ## - GENERAL NOTE
General note First-2d editions edited by W. G. Bennis, K. D. Benne, and R. Chin.
504 ## - BIBLIOGRAPHY, ETC. NOTE
Bibliography, etc Includes bibliographies and index.
650 #0 - SUBJECT ADDED ENTRY--TOPICAL TERM
Topical term or geographic name as entry element Social change.
General subdivision Addresses, essays, lectures
9 (RLIN) 44271
700 1# - ADDED ENTRY--PERSONAL NAME
Personal name Bennis, Warren G.
9 (RLIN) 40565
700 1# - ADDED ENTRY--PERSONAL NAME
Personal name Bennis, Warren G.
Title of a work Planning of change.
9 (RLIN) 44272
906 ## - LOCAL DATA ELEMENT F, LDF (RLIN)
a 7
b cbc
c orignew
d 1
e ocip
f 19
g y-gencatlg
942 ## - ADDED ENTRY ELEMENTS (KOHA)
Source of classification or shelving scheme Library of Congress Classification
Koha item type Monograph ( Printed materials)
Holdings
Withdrawn status Lost status Source of classification or shelving scheme Damaged status Not for loan Collection code Home library Current library Shelving location Date acquired Total Checkouts Full call number Barcode Date last seen Price effective from Koha item type
    Library of Congress Classification     Main Collection ARRUPE LIBRARY ARRUPE LIBRARY Main Collection 30/01/2019   HM101 .P558 1976 46600003519 30/01/2019 30/01/2019 Monograph ( Printed materials)

 

Arrupe Library. PO Box MP320 Mt Pleasant, Harare, Zimbabwe
263 242 745411|librarian@aju.ac.zw